Favorite poems / (Record no. 904)

MARC details
000 -LEADER
fixed length control field 00749pam a2200241 a 4500
005 - DATE AND TIME OF LATEST TRANSACTION
control field 20260322212038.0
008 - FIXED-LENGTH DATA ELEMENTS--GENERAL INFORMATION
fixed length control field data
010 ## - LIBRARY OF CONGRESS CONTROL NUMBER
LC control number 92029397
020 ## - INTERNATIONAL STANDARD BOOK NUMBER
International Standard Book Number 0486272737 (pbk.) :
Terms of availability {dollar}1.00
020 ## - INTERNATIONAL STANDARD BOOK NUMBER
International Standard Book Number 9780486272733 (pbk.) :
Terms of availability {dollar}1.00
040 ## - CATALOGING SOURCE
Original cataloging agency DLC
Transcribing agency DLC
Modifying agency DLC
050 00 - LIBRARY OF CONGRESS CALL NUMBER
Classification number PS2253
Item number 1992b
082 00 - DEWEY DECIMAL CLASSIFICATION NUMBER
Classification number 811/.3
Edition information 20
092 ## - LOCALLY ASSIGNED DEWEY CALL NUMBER (OCLC)
Classification number 811 L853 1992
001 - CONTROL NUMBER
control field data
100 1# - MAIN ENTRY--PERSONAL NAME
Personal name Longfellow, Henry Wadsworth,
Dates associated with a name 1807-1882.
240 10 - UNIFORM TITLE
Uniform title Poems.
Form subheading Selections
245 10 - TITLE STATEMENT
Title Favorite poems /
Statement of responsibility, etc. Henry Wadsworth Longfellow.
260 ## - PUBLICATION, DISTRIBUTION, ETC.
Place of publication, distribution, etc. New York :
Name of publisher, distributor, etc. Dover Publications,
Date of publication, distribution, etc. 1992.
300 ## - PHYSICAL DESCRIPTION
Extent viii, 85 p. ;
Dimensions 21 cm.
440 #0 - SERIES STATEMENT/ADDED ENTRY--TITLE
Title Dover thrift editions
856 42 - ELECTRONIC LOCATION AND ACCESS
Materials specified Publisher description
Uniform Resource Identifier <a href="http://www.loc.gov/catdir/description/dover033/92029397.html">http://www.loc.gov/catdir/description/dover033/92029397.html</a>
Holdings
Withdrawn status Lost status Damaged status Not for loan Home library Current library Shelving location Date acquired Total checkouts Full call number Barcode Date last seen Price effective from Koha item type
        Centerville Centerville General stacks 22/03/2026   811/.3 20 BC0010932 22/03/2026 22/03/2026 Books